Cyberspace CBMs. (Record no. 349921)

000 -LEADER
fixed length control field 00639nam a22002417a 4500
003 - CONTROL NUMBER IDENTIFIER
control field OSt
005 - DATE AND TIME OF LATEST TRANSACTION
control field 20180116183003.0
008 - FIXED-LENGTH DATA ELEMENTS--GENERAL INFORMATION
fixed length control field 150529b xxu||||| |||| 00| 0 eng d
020 ## - INTERNATIONAL STANDARD BOOK NUMBER
International Standard Book Number 9789698535216
022 ## - INTERNATIONAL STANDARD SERIAL NUMBER
International Standard Serial Number 9789698535216
040 ## - CATALOGING SOURCE
Transcribing agency 0
050 ## - LIBRARY OF CONGRESS CALL NUMBER
Classification number 303.4833
082 ## - DEWEY DECIMAL CLASSIFICATION NUMBER
Classification number 303.4833
100 ## - MAIN ENTRY--PERSONAL NAME
Personal name Yamin,Tughral
245 ## - TITLE STATEMENT
Title Cyberspace CBMs.
Remainder of title Between Pakistan and India.
Statement of responsibility, etc. Dr.Tughral Yamin
250 ## - EDITION STATEMENT
Edition statement 1st.
260 ## - PUBLICATION, DISTRIBUTION, ETC.
Place of publication, distribution, etc. Islamabad.
Name of publisher, distributor, etc. National University of Sciences and Technology.
Date of publication, distribution, etc. 2014
300 ## - PHYSICAL DESCRIPTION
Extent 275p.
500 ## - GENERAL NOTE
General note Hard Cover
600 ## - SUBJECT ADDED ENTRY--PERSONAL NAME
Personal name Yamin,Tughral
700 ## - ADDED ENTRY--PERSONAL NAME
Personal name Yamin,Tughral
942 ## - ADDED ENTRY ELEMENTS (KOHA)
Source of classification or shelving scheme
Koha item type Book
Call number prefix 303.4833
Holdings
Withdrawn status Lost status Source of classification or shelving scheme Damaged status Not for loan Collection code Permanent Location Current Location Shelving location Date acquired Total Checkouts Full call number Barcode Date last seen Date last checked out Price effective from Koha item type
            Central Library (CL) Central Library (CL) General Stacks 05/29/2015 1 303.4833 YAM NBSD-2004 11/22/2017 07/20/2017 05/29/2015 Book
            Central Library (CL) Central Library (CL) General Stacks 05/29/2015 1 303.4833 YAM NBSD-2005 12/05/2023 07/20/2017 05/29/2015 Book
© 2023 Central Library, National University of Sciences and Technology. All Rights Reserved.